Composting in the construction industry (Record no. 104154)
[ view plain ]
| 000 -LEADER | |
|---|---|
| fixed length control field | 01022cam a2200277 4500 |
| 001 - CONTROL NUMBER | |
| control field | L129357 |
| 008 - FIXED-LENGTH DATA ELEMENTS--GENERAL INFORMATION | |
| fixed length control field | 050414n2005 000 0 eng u |
| 020 ## - INTERNATIONAL STANDARD BOOK NUMBER | |
| International Standard Book Number | 1860817416 |
| 035 ## - SYSTEM CONTROL NUMBER | |
| System control number | (Sirsi) u129357 |
| 041 ## - LANGUAGE CODE | |
| Language code of text/sound track or separate title | eng |
| 100 ## - MAIN ENTRY--PERSONAL NAME | |
| Personal name | Hobbs, G. |
| 245 ## - TITLE STATEMENT | |
| Title | Composting in the construction industry |
| 260 ## - PUBLICATION, DISTRIBUTION, ETC. | |
| Place of publication, distribution, etc. | Watford |
| Name of publisher, distributor, etc. | BRE |
| Date of publication, distribution, etc. | 2005 |
| 300 ## - PHYSICAL DESCRIPTION | |
| Extent | 12p. |
| Dimensions | 30cm. |
| 350 ## - PRICE (NR) (BK AM CF MU VM SE) [OBSOLETE] | |
| Price | 12 |
| 490 ## - SERIES STATEMENT | |
| Series statement | BRE Information Paper |
| Volume/sequential designation | 3/05 |
| 520 ## - SUMMARY, ETC. | |
| Summary, etc. | This information paper gives the main findings of a DTI funded project to determine the suitability of bioremediation and demolition waste from landfill. Also examines some of the issues relating to the use of compost in construction to promote markets for composted materials. |
| 590 ## - LOCAL NOTE (RLIN) | |
| Local note | IKA150405 |
| 690 ## - LOCAL SUBJECT ADDED ENTRY--TOPICAL TERM (OCLC, RLIN) | |
| Topical term or geographic name as entry element | ENVIRONMENTAL AND LAND CONSULTANCY-WASTE MANAGEMENT |
| 700 ## - ADDED ENTRY--PERSONAL NAME | |
| Personal name | McMahon, V. |
| 700 ## - ADDED ENTRY--PERSONAL NAME | |
| Personal name | Harrex, R.M. |
| 700 ## - ADDED ENTRY--PERSONAL NAME | |
| Personal name | Swainson, M. |
| 710 ## - ADDED ENTRY--CORPORATE NAME | |
| Corporate name or jurisdiction name as entry element | Building Research Establishment |
| 710 ## - ADDED ENTRY--CORPORATE NAME | |
| Corporate name or jurisdiction name as entry element | United Kingdom |
| Subordinate unit | Department of Trade and Industry |
| 942 ## - ADDED ENTRY ELEMENTS (KOHA) | |
| Suppress in OPAC | 0 |
| Withdrawn status | Lost status | Source of classification or shelving scheme | Damaged status | Not for loan | Home library | Current library | Shelving location | Date acquired | Total Checkouts | Full call number | Barcode | Date last seen | Copy number | Price effective from | Koha item type |
|---|---|---|---|---|---|---|---|---|---|---|---|---|---|---|---|
| Dewey Decimal Classification | London | London | BRE publications | 14/04/2005 | ENQUIRY DESK | 30069988 | 06/08/2019 | 1 | 06/08/2019 | Book |